000 01359nam a2200361 i 4500
003 DO-SdBNP
005 20240627092806.0
006 a||||gr|||| 00| 0
007 ta
008 240626t1981 xxcab||| |||| 00| 0 spa d
020 _a0553146106
040 _aDO-SdBNP
_bspa
_cBNPHU
_erda
041 _heng
082 4 _222
_bP688c
100 1 _aPitt, Barrie
_eautor
_985847
245 1 0 _aChurchill and the generals /
_bBarrie Pitt, editor, Jak Le Vien, fotografía de portada, John D. LeVien; dibujos de Tom Beecham, Greg Beecham y Stephen Bach mapas de Alan Mcknight
264 _aCanada, Estados Unidos :
_bBantan Books,
_c1981
300 _a216 páginas :
_bilustraciones, mapas ;
_c17 cm.
336 _2rdacontent
_atexto
_btxt
337 _2rdamedia
_asin mediación
_bn
338 _2rdacarrier
_avolumen
_bnc
490 _aGuerra Gallo
500 _aIncluye biografía del autor en la página (216).
500 _aBasado en un relato de los acontecimientos sobre lo que la BBC-Le Vien TV reproduce.
590 _aInventariado 2024 / MF
700 1 _aLe Vien, Jak,
_eeditor
_985848
700 1 _aLeVien, John D.,
_efotografía portada
_985849
700 1 _aBeecham, Tom,
_edibujos
_985850
700 1 _aGreg, Beecham,
_edibujos
_985851
700 1 _aBach, Stephen,
_edibujos
_985852
700 1 _aMcknight Alan
_emapas
_985853
942 _2ddc
_cLBS1
999 _c57023
_d57023